000 01090nam a2200289 i 4500
003 EG-GICUC
005 20260121101530.0
008 251221s1978 ua ||||fr|||| 00| 0 ara d
040 _a EG-GICUC
_bara
_c EG-GICUC
_d EG-GICUC
_erda
041 0 _aara
082 0 4 _221
_a345.431
_bن ب . ح
092 0 4 _221
099 _aLaw1 07 345.431 ن ب . ح 1978
100 0 _aنبيل رسلان
_eمؤلف.
245 1 2 _aالحوافز في قوانين العاملين الحكومة والقطاع العام /
_cتأليف دكتور نبيل رسلان.
264 1 _aالقاهرة :
_bدار النهضة العربية،
_c1978.
300 _a805 ؛صفحة
_c24 سم.
336 _2rda content
_atext
337 _2rda media
_aComputer
338 _2rda carrier
_aOnline Resource
546 _aالنص باللغة العربية
650 1 4 _aالمرتبات والمكافات والأجور والحوافز
650 1 4 _aالقانون الإداري
856 4 0 _uhttps://fll.law.cu.edu.eg/fulltext/bks/B07-01448.pdf
905 _a32
_eYara
942 _2ddc
_cBK
_e21
_n0
999 _c52081
_d52081